00953cam a2200229 a 4500020002200000020002200022040000800044082002600052100001800078245005500096260009500151300003500246500003600281500016000317500002000477650003800497650003800535700002000573710001600593710005300609710006100662 a0801836166 (pbk.) a0801836158 (hard) cDLC00a351 PUB 1987 A068 Or.1 aCasley, D. J.10aProject monitoring and evaluation in agriculture / aBaltimore :bpublished for the World Bank [by] the Johns Hopkins University Press,cc1987. axiii, 159 p. :bill. ;c24 cm. a"Published for the World Bank." a"A joint study: the World Bank, International Fund for Agricultural Development, Food and Agriculture Organization of the United Nations"--P. [4] of cover. aIncludes index. 0aAgricultural development projects 0aAgricultural development projects1 aKumar, Krishna,2 aWorld Bank.2 aInternational Fund for Agricultural Development.2 aFood and Agriculture Organization of the United Nations.